Reglamento de la Asociación de Amigos de los Pobres (Record no. 27256)

MARC details
000 -LEADER
campo de control de longitud fija 00596nam a2200157 i 4500
001 - NÚMERO DE CONTROL
campo de control 27256
003 - IDENTIFICADOR DE NÚMERO DE CONTROL
campo de control ES-MaACL
005 - FECHA Y HORA DE LA ÚLTIMA TRANSACCIÓN
campo de control 20230906153603.0
007 - CAMPO FIJO DE DESCRIPCIÓN FÍSICA--INFORMACIÓN GENERAL
campo de control de longitud fija t|
008 - DATOS DE LONGITUD FIJA--INFORMACIÓN GENERAL
campo de control de longitud fija 030114s1889 sp ||||1| spa d
110 2# - ENTRADA PRINCIPAL--NOMBRE DE ENTIDAD CORPORATIVA
Nombre de entidad corporativa o nombre de jurisdicción como elemento de entrada Asociación de Amigos de los Pobres (
Sede del congreso/Lugar de la reunión Madrid)
9 (RLIN) 1556
245 10 - MENCIÓN DEL TÍTULO
Título Reglamento de la Asociación de Amigos de los Pobres
Resto del título : reformado y aprobado en Junta general celebrada el día 25 de enero de 1889 /
Mención de responsabilidad, etc. Asocicación de Amigos de los Pobres.
260 ## - PUBLICACIÓN, DISTRIBUCIÓN, ETC.
Lugar de publicación, distribución, etc. Madrid :
Nombre del editor, distribuidor, etc. [s.n.,
Fecha de publicación, distribución, etc. 1889] (
Fabricante Tip. de José Díaz de Lara)
300 ## - DESCRIPCIÓN FÍSICA
Extensión 16 p. ;
Dimensiones 21 cm.
852 ## - LOCALIZACIÓN
Ubicación ES-MaACL
Número de control de estantería Fol-Laf-423
Holdings
Estatus retirado Estado de pérdida Estado de daño No para préstamo Colección Biblioteca de origen Biblioteca actual Ubicación en estantería Fecha de adquisición Fuente de adquisición Total de préstamos Signatura topográfica completa Código de barras Visto por última vez Precio de reemplazo Tipo de ítem Koha
        Colección de folletos Biblioteca del Ateneo de Madrid Biblioteca del Ateneo de Madrid Depósito folletos 17/01/2008     Fol-Laf-423 1028132 23/02/2023 23/02/2023 Folleto